History Quiz

Random History or Year Quiz

This Day in History: May Quiz Stats

 Plays Quiz Updated Jun 9, 2016

Challenge
Share
Tweet
Embed
Score 0/31 Timer 07:00
0 Plays Today
Day Answer % Correct
May 1Osama bin Laden
96%
May 3Margaret Thatcher
84.9%
May 2Louisiana Territory
80.3%
May 29Mount Everest
77.5%
May 30Joan of Arc
76.4%
May 20Christopher Columbus
71.8%
May 7Vladimir Putin
71.7%
May 27St. Petersburg
71.3%
May 13Mexico
70.6%
May 28Pakistan
68.4%
May 16Warsaw
67.2%
May 12West Berlin
66.5%
May 6Hindenburg
65.7%
May 9NATO
60.5%
May 21Charles Lindbergh
60.4%
May 22Wars of the Roses
60.4%
Day Answer % Correct
May 19Anne Boleyn
54.8%
May 17Brown v. Board of Education
53.6%
May 10Neville Chamberlain
50.8%
May 23Argentina
50%
May 31Boer War
49.5%
May 11Constantinople
47.7%
May 25China
43.1%
May 18Sri Lanka
41.6%
May 5St. Helena
35.8%
May 14Aswan High Dam
31.8%
May 8Reign of Terror
31.4%
May 26Dunkirk
30.2%
May 15Seven Years War
27%
May 24Samuel Morse
19.4%
May 4Unrestricted Submarine Warfare
12%

You're not logged in!

Compare scores with friends on all Sporcle quizzes.
Join for Free
OR
Log In

You Might Also Like...

Show Comments

Extras

Top Quizzes Today


Score Distribution

Your Account Isn't Verified!

In order to create a playlist on Sporcle, you need to verify the email address you used during registration. Go to your Sporcle Settings to finish the process.

Report this User

Report this user for behavior that violates our Community Guidelines.

Details: